Guess the Show by Theme Song Lyrics - Statistics

General Stats
  • This quiz has been taken 41 times
  • The average score is 5 of 11
Answer Stats
Theme Song Lyrics Show % Correct
So no one told you life was gonna be this way. You're jobs a joke you're broke, your love life's DOA. It's like you're always stuck in second gear, when it hasn't been your day, your week, your month, or even your year. Friends
81%
Our whole universe was in a hot, dense state. Then nearly fourteen billion years ago expansion started, wait. The earth began to cool, the autotrophs began to drool. Neanderthals developed tools The Big Bang Theory
81%
What ever happened to predictability? The milk man, the paper boy, the evening TV? Full House
51%
Here's the story, of a lovely lady, who was bringing up three very lovely girls. All of them had hair of gold like their mother. The youngest one in curls The Brady Bunch
46%
Got a secret. Can you keep it? Swear, this one you'll save. Better lock it in your pocket. Takin' this one to the grave Pretty Little Liars
41%
In the Criminal Justice System, sexually based offenses are considered especially heinous. In New York, the dedicated detectives that investigate these vicious felonies are members of an elite squad. Law and ORder SVU
38%
If you're out on the road, feeling lonely and so cold, all you have to do is call my name and i'll be there Gilmore Girls
35%
I don't want to be anything other than what I've been tryna be lately One Tree Hill
35%
It's not where you come from. It's where you belong. Nothing I would trade. I wouldn't have it any other way. The Fosters
19%
I don't want to wait for our lives to be over. I want to know right now what will it be. I don't want to wait for our lives to be over. Will it be yes or will it be sorry? Dawson's Creek
14%
Hangin' out down the street. The same old thing we did last week. Not a thing to do but talk to you. Not a thing to do out in the street That 70's Show
14%
No matching quizzes found
Score Distribution
Percent of People with Each Score
Percentile by Number Answered
Your Score History
You have not taken this quiz